[Event "Bangabandhu-chT"]
[Site "Dhaka"]
[Date "2024.02.02"]
[Round "2.2"]
[White "Rathanvel, VS."]
[Black "Hasan Md, Emam"]
[Result "1-0"]
[WhiteElo "2474"]
[BlackElo "2053"]
[PlyCount "77"]
[EventDate "2024.02.01"]
[EventType "team-tourn"]
[EventRounds "11"]
[EventCountry "BAN"]
[SourceTitle "CB06_2024"]
[SourceDate "2024.02.07"]
[SourceVersion "1"]
[SourceVersionDate "2024.02.07"]
[SourceQuality "1"]
[WhiteTeam "Leonine CC"]
[BlackTeam "Uttara Central CC"]
[WhiteTeamCountry "BAN"]
[BlackTeamCountry "BAN"]

1. e4 e5 2. Nf3 d6 3. d4 Nd7 4. Bc4 c6 5. 0-0 Be7 6. dxe5 dxe5 7. Ng5 Bxg5 8. Qh5 Qe7 9. Bxg5 Ngf6 10. Qh4 0-0 11. Nd2 h6 12. Be3 Nd5 13. Qxe7 Nxe7 14. a4 Ng6 15. a5 Nf6 16. f3 Re8 17. Ra4 Nf4 18. Nb3 Be6 19. Rd1 Bxc4 20. Rxc4 Red8 21. Rxd8+ Rxd8 22. Rb4 Rd1+ 23. Kf2 Rb1 24. Nc5 Rh1 25. Rxb7 Rxh2 26. Bxf4 exf4 27. Kg1 Rh4 28. Nd7 Nxd7 29. Rxd7 Rh5 30. Rxa7 Rc5 31. c3 Rb5 32. b4 c5 33. a6 cxb4 34. Rb7 Ra5 35. a7 bxc3 36. Rb8+ Kh7 37. a8Q c2 38. Rh8+ Kg6 39. Qc6+ 1-0

[Event "Qatar Masters op"]
[Site "Doha"]
[Date "2023.10.12"]
[Round "2"]
[White "Rathanvel, VS."]
[Black "Ashraf, Artin"]
[Result "1/2-1/2"]
[WhiteElo "2493"]
[BlackElo "2340"]
[PlyCount "61"]
[EventDate "2023.10.11"]
[EventType "swiss"]
[EventRounds "9"]
[EventCountry "QAT"]
[SourceTitle "Mega2024 Update 01"]
[Source "Chessbase"]
[SourceDate "2023.11.12"]
[SourceVersion "1"]
[SourceVersionDate "2023.11.12"]
[SourceQuality "1"]

1. e4 c5 2. Nf3 d6 3. Bc4 Nf6 4. Nc3 e6 5. 0-0 a6 6. a4 Be7 7. d4 cxd4 8. Nxd4 0-0 9. a5 Nc6 10. Nb3 Ne5 11. Be2 b5 12. axb6 Qxb6 13. Be3 Qc7 14. Na5 Rb8 15. f4 Ned7 16. Nb3 Rb4 17. Qd2 Nb6 18. Bxa6 Bxa6 19. Rxa6 Nc4 20. Qc1 Nxe4 21. Nxe4 Qb7 22. Ra7 Qxe4 23. Re1 Rb7 24. Nd2 Nxd2 25. Qxd2 Rc8 26. Bd4 Qc6 27. Rea1 Bd8 28. Rxb7 Qxb7 29. c3 Bb6 30. b4 h6 31. Qe3 1/2-1/2

[Event "Arad op 16th"]
[Site "Arad"]
[Date "2023.08.10"]
[Round "6"]
[White "Rathanvel, VS."]
[Black "Balla, Tamas Kristof"]
[Result "1/2-1/2"]
[WhiteElo "2491"]
[BlackElo "2303"]
[PlyCount "104"]
[EventDate "2023.08.07"]
[EventType "swiss"]
[EventRounds "9"]
[EventCountry "ROU"]
[SourceTitle "EXT 2024"]
[Source "ChessBase"]
[SourceDate "2023.10.10"]
[SourceVersion "1"]
[SourceVersionDate "2023.10.10"]
[SourceQuality "1"]

1. e4 d5 2. exd5 Qxd5 3. Nc3 Qa5 4. d4 Nf6 5. Nf3 c6 6. Bc4 Bf5 7. Bd2 Nbd7 8. Qe2 Qc7 9. Ne5 e6 10. Nxd7 Qxd7 11. d5 Be7 12. dxc6 bxc6 13. 0-0-0 0-0 14. Rhg1 Nd5 15. g4 Bg6 16. f4 Bf6 17. h4 Bxh4 18. Rh1 Bf6 19. Ne4 Bxe4 20. Qxe4 g6 21. Rh3 Bh8 22. f5 exf5 23. gxf5 Nf6 24. Qh4 Qxf5 25. Bg5 Nh5 26. Rf1 Qe5 27. c3 Bg7 28. Be7 Kh8 29. Bxf8 Rxf8 30. Rhf3 f5 31. Re1 Qc5 32. Bb3 f4 33. Qh3 a5 34. Qd7 Nf6 35. Qd3 Ng4 36. Qd2 Ne5 37. Rh3 h5 38. Kb1 a4 39. Bxa4 Nc4 40. Qg2 Qd6 41. Bd1 Ne3 42. Qe2 Qe6 43. Reh1 Rf5 44. Bc2 Rg5 45. Qd2 Rd5 46. Qf2 Qd6 47. Bb3 Rd2 48. Qf3 Qd3+ 49. Ka1 Nc2+ 50. Kb1 Na3+ 51. Ka1 Nc2+ 52. Kb1 Na3+ 1/2-1/2

[Event "Biel HTO 56th"]
[Site "Biel"]
[Date "2023.07.25"]
[Round "8"]
[White "Albornoz Cabrera, Carlos Daniel"]
[Black "Rathanvel, VS."]
[Result "0-1"]
[WhiteElo "2591"]
[BlackElo "2463"]
[PlyCount "80"]
[EventDate "2023.07.17"]
[EventType "swiss"]
[EventRounds "10"]
[EventCountry "SUI"]
[SourceTitle "CBM 215 Extra"]
[Source "ChessBase"]
[SourceDate "2023.09.30"]
[SourceVersion "1"]
[SourceVersionDate "2023.09.30"]
[SourceQuality "1"]

1. e4 c5 2. Nf3 d6 3. d4 cxd4 4. Nxd4 Nf6 5. Nc3 a6 6. Bg5 e6 7. f4 Nbd7 8. Qe2 Qc7 9. 0-0-0 b5 10. a3 Be7 11. Bxf6 Nxf6 12. g4 Nd7 13. g5 Nb6 14. Bg2 Bd7 15. Nf5 exf5 16. exf5 d5 17. f6 gxf6 18. gxf6 Qxf4+ 19. Kb1 Qxf6 20. Bxd5 0-0-0 21. Rhf1 Qg5 22. h4 Qxh4 23. Bh1 Bg4 24. Qg2 Rxd1+ 25. Nxd1 Kd8 26. Ne3 h5 27. Qc6 Nc8 28. Nd5 Bd6 29. Nf6 Be6 30. Bd5 Qh3 31. Bxe6 Qxe6 32. Qxa6 h4 33. Qa5+ Ke7 34. Qc3 Be5 35. Qc5+ Qd6 36. Qe3 Qd4 37. Nd5+ Qxd5 38. Qg5+ Kf8 39. Re1 f6 40. Qg4 Ne7 0-1

[Event "Biel HTO 56th"]
[Site "Biel"]
[Date "2023.07.20"]
[Round "4"]
[White "Pham, Le Thao Nguyen"]
[Black "Rathanvel, VS."]
[Result "1/2-1/2"]
[WhiteElo "2369"]
[BlackElo "2463"]
[PlyCount "79"]
[EventDate "2023.07.17"]
[EventType "swiss"]
[EventRounds "10"]
[EventCountry "SUI"]
[SourceTitle "CBM 215 Extra"]
[Source "ChessBase"]
[SourceDate "2023.09.30"]
[SourceVersion "1"]
[SourceVersionDate "2023.09.30"]
[SourceQuality "1"]

1. d4 Nf6 2. Nf3 b6 3. Bf4 Bb7 4. e3 g6 5. a4 a5 6. h3 Bg7 7. Bc4 d6 8. 0-0 0-0 9. Nc3 e6 10. Re1 Nbd7 11. e4 d5 12. exd5 Nxd5 13. Nxd5 exd5 14. Bd3 Nf6 15. Bg5 h6 16. Bxf6 Qxf6 17. c3 Rfe8 18. Qd2 Qd6 19. Bb5 c6 20. Bd3 Kf8 21. Rxe8+ Rxe8 22. Re1 Rxe1+ 23. Qxe1 Bc8 24. Qe3 c5 25. Bb5 Be6 26. Kf1 Kg8 27. Kg1 Kh7 28. Bd3 Bf6 29. h4 Kg7 30. h5 g5 31. Bc2 Kf8 32. Ne5 cxd4 33. cxd4 Qb4 34. b3 Qa3 35. Kh2 Qb2 36. Bd1 Qb1 37. Bf3 Kg7 38. Bg4 Bxg4 39. Nxg4 Qf5 40. Nxf6 1/2-1/2

[Event "Dortmund Sparkassen op 50th"]
[Site "Dortmund"]
[Date "2023.06.28"]
[Round "5"]
[White "Svane, Rasmus"]
[Black "Rathanvel, VS."]
[Result "1/2-1/2"]
[WhiteElo "2616"]
[BlackElo "2463"]
[PlyCount "47"]
[EventDate "2023.06.24"]
[EventType "swiss"]
[EventRounds "9"]
[EventCountry "GER"]
[SourceTitle "CBM 215 Extra"]
[Source "ChessBase"]
[SourceDate "2023.09.30"]
[SourceVersion "1"]
[SourceVersionDate "2023.09.30"]
[SourceQuality "1"]

1. e4 c5 2. c3 Nf6 3. e5 Nd5 4. Bc4 Nb6 5. Bb3 Nc6 6. d4 cxd4 7. cxd4 d6 8. e6 fxe6 9. Nc3 g6 10. h4 Bg7 11. Nf3 e5 12. dxe5 Bg4 13. exd6 Nd4 14. Be3 Bxf3 15. gxf3 Qxd6 16. 0-0 Rf8 17. Bxd4 Qxd4 18. Qxd4 Bxd4 19. Nb5 0-0-0 20. Rae1 Bf6 21. Nxa7+ Kb8 22. Nb5 Rd2 23. Re4 Rfd8 24. Rb1 1/2-1/2

[Event "Titled Tuesday intern op 27th Jun Late"]
[Site "Chess.com INT"]
[Date "2023.06.27"]
[Round "5"]
[White "Rathanvel, VS."]
[Black "Hakobyan, Aram"]
[Result "0-1"]
[WhiteElo "2463"]
[BlackElo "2613"]
[PlyCount "62"]
[EventDate "2023.06.27"]
[EventType "swiss (blitz)"]
[EventRounds "11"]
[EventCountry "USA"]
[SourceTitle "EXT 2024"]
[Source "ChessBase"]
[SourceDate "2023.10.10"]
[SourceVersion "1"]
[SourceVersionDate "2023.10.10"]
[SourceQuality "1"]

1. e4 c5 2. Nf3 d6 3. d4 cxd4 4. Nxd4 Nf6 5. Nc3 a6 6. Bc4 e6 7. Bb3 Be7 8. 0-0 0-0 9. f4 Nbd7 10. g4 Nc5 11. Qe2 d5 12. e5 Nfe4 13. Nxe4 Nxe4 14. c3 b5 15. f5 Bc5 16. f6 gxf6 17. exf6 e5 18. Be3 exd4 19. cxd4 Ba7 20. Rac1 Re8 21. Kh1 Qd6 22. g5 Bh3 23. Rf4 Qxf4 24. Bxf4 Ng3+ 25. hxg3 Rxe2 26. Bxd5 Rd8 27. Rc7 Rxd5 28. Rxa7 Rd8 29. Be5 Rxb2 30. d5 Re2 31. Re7 Bg2+ 0-1

[Event "Titled Tuesday intern op 27th Jun Late"]
[Site "Chess.com INT"]
[Date "2023.06.27"]
[Round "3"]
[White "Salem, AR Saleh"]
[Black "Rathanvel, VS."]
[Result "1/2-1/2"]
[WhiteElo "2661"]
[BlackElo "2463"]
[PlyCount "55"]
[EventDate "2023.06.27"]
[EventType "swiss (blitz)"]
[EventRounds "11"]
[EventCountry "USA"]
[SourceTitle "EXT 2024"]
[Source "ChessBase"]
[SourceDate "2023.10.10"]
[SourceVersion "1"]
[SourceVersionDate "2023.10.10"]
[SourceQuality "1"]

1. d4 Nf6 2. c4 c5 3. d5 e6 4. Nc3 exd5 5. cxd5 d6 6. Nf3 g6 7. Nd2 Bg7 8. e4 0-0 9. Be2 Na6 10. 0-0 Re8 11. Kh1 Rb8 12. f3 Bd7 13. Nb5 Bf8 14. a4 Nc7 15. Nc3 b6 16. Nb5 Rb7 17. b3 Nh5 18. Ra2 Bxb5 19. axb5 Qd7 20. Nc4 Nxb5 21. g4 Nc3 22. Qc2 Nxa2 23. Qxa2 Nf6 24. Bg5 Be7 25. Bh6 Bf8 26. Bg5 Be7 27. Bh6 Bf8 28. Bg5 1/2-1/2

[Event "Dubai op 22nd"]
[Site "Dubai"]
[Date "2022.08.30"]
[Round "4"]
[White "Sethuraman, SP."]
[Black "Rathanvel, VS."]
[Result "1-0"]
[WhiteElo "2625"]
[BlackElo "2455"]
[PlyCount "215"]
[EventDate "2022.08.27"]
[EventType "swiss"]
[EventRounds "9"]
[EventCountry "UAE"]
[SourceTitle "CBM 210 Extra"]
[Source "ChessBase"]
[SourceDate "2022.11.30"]
[SourceVersion "1"]
[SourceVersionDate "2022.11.30"]
[SourceQuality "1"]

1. e4 c5 2. Nf3 d6 3. d4 cxd4 4. Nxd4 Nf6 5. Nc3 a6 6. Be3 e5 7. Nb3 Be7 8. f3 Be6 9. Qd2 h5 10. 0-0-0 Nbd7 11. Kb1 Rc8 12. Bd3 b5 13. h3 h4 14. f4 Qc7 15. Rhe1 0-0 16. g4 exf4 17. Bxf4 Ne5 18. Nd4 Rfe8 19. Bxe5 dxe5 20. Nf5 Bf8 21. Qg5 b4 22. Nd5 Bxd5 23. exd5 e4 24. d6 Qc6 25. Be2 Qxc2+ 26. Ka1 Qa4 27. Nh6+ Kh8 28. Nxf7+ Kg8 29. Nh6+ Kh8 30. Nf5 Re5 31. b3 Qa3 32. Qd2 Rxf5 33. gxf5 Bxd6 34. Bc4 Be5+ 35. Kb1 Rxc4 36. bxc4 b3 37. Re2 bxa2+ 38. Qxa2 Qb4+ 39. Kc1 Qc3+ 40. Rc2 Qe3+ 41. Kb1 Qb6+ 42. Rb2 Bxb2 43. Qxb2 Qc5 44. Qd4 Qxf5 45. Qe3 Qa5 46. Rd4 Qb4+ 47. Kc2 a5 48. Qd2 Qa3 49. Qc3 Qa2+ 50. Qb2 Qa4+ 51. Kc3 Qe8 52. Qb5 Qc8 53. Qxa5 Qxh3+ 54. Kb4 Qf1 55. Qg5 Qe1+ 56. Kb5 Qf2 57. Rd2 Qf3 58. Qxh4+ Kg8 59. Rd8+ Kf7 60. Kb4 e3 61. Rd3 Qb7+ 62. Kc3 Qe7 63. Qe1 Qe5+ 64. Kc2 Ng4 65. Qe2 Qe4 66. Kb3 Qb7+ 67. Kc3 Qc8 68. Rd4 Nf6 69. Qxe3 Qc5 70. Kb3 Qb6+ 71. Kc2 Qa7 72. Qc3 Qa2+ 73. Kc1 Qg2 74. c5 Qf1+ 75. Kb2 Qg2+ 76. Qc2 Qc6 77. Rd6 Qc7 78. Qc4+ Kg6 79. Qd3+ Kf7 80. Qd4 Qb7+ 81. Ka3 Qa7+ 82. Kb4 Qb7+ 83. Ka4 Qa8+ 84. Kb3 Qb7+ 85. Rb6 Qf3+ 86. Ka4 Nd5 87. Rb3 Qg2 88. Qc4 Ke6 89. Rd3 Ke5 90. Qd4+ Ke6 91. Rd2 Qf3 92. Qc4 Ke5 93. Re2+ Kf5 94. Qc2+ Kg4 95. Qg6+ Kf4 96. Qf7+ Nf6 97. Qc4+ Kg3 98. Qb3 Nd7 99. Qxf3+ Kxf3 100. c6 Nb6+ 101. Ka5 Nc4+ 102. Kb4 Nb6 103. Re5 Kf4 104. Rb5 Nc8 105. c7 g5 106. Rb8 Ne7 107. Kc5 g4 108. Re8 1-0

[Event "Abu Dhabi Masters 28th"]
[Site "Abu Dhabi"]
[Date "2022.08.20"]
[Round "5"]
[White "Yakubboev, Nodirbek"]
[Black "Rathanvel, VS."]
[Result "1-0"]
[WhiteElo "2620"]
[BlackElo "2455"]
[PlyCount "65"]
[EventDate "2022.08.17"]
[EventType "swiss"]
[EventRounds "9"]
[EventCountry "UAE"]
[SourceTitle "CBM 209 Extra"]
[Source "ChessBase"]
[SourceDate "2022.09.30"]
[SourceVersion "1"]
[SourceVersionDate "2022.09.30"]
[SourceQuality "1"]

1. d4 Nf6 2. c4 e6 3. Nc3 d5 4. cxd5 Nxd5 5. e4 Nxc3 6. bxc3 c5 7. a3 Be7 8. Nf3 0-0 9. Bd3 b6 10. e5 Bb7 11. h4 h6 12. Rh3 f5 13. Rg3 Bxh4 14. Rg6 Bd5 15. Bxh6 Kh7 16. Bxg7 Kxg6 17. Bxf8 Nc6 18. Bd6 cxd4 19. c4 Be4 20. g3 Bg5 21. Bxe4 fxe4 22. Qe2 exf3 23. Qe4+ Kg7 24. Qxc6 Rc8 25. Qb7+ Kh8 26. Qxf3 Rxc4 27. Qh5+ Kg7 28. Rd1 Bh6 29. Kf1 Qa8 30. Kg1 Qc6 31. Be7 Qd7 32. Bf6+ Kh7 33. g4 1-0

[Event "Andorra op 38th"]
[Site "Escaldes"]
[Date "2022.07.30"]
[Round "8"]
[White "Kobo, Ori"]
[Black "Rathanvel, VS."]
[Result "1/2-1/2"]
[WhiteElo "2534"]
[BlackElo "2478"]
[PlyCount "83"]
[EventDate "2022.07.24"]
[EventType "swiss"]
[EventRounds "9"]
[EventCountry "AND"]
[SourceTitle "CBM 209 Extra"]
[Source "ChessBase"]
[SourceDate "2022.09.30"]
[SourceVersion "1"]
[SourceVersionDate "2022.09.30"]
[SourceQuality "1"]

1. e4 c5 2. Nc3 a6 3. Nge2 d6 4. g3 g6 5. Bg2 Bg7 6. 0-0 Nc6 7. d3 Nf6 8. Bg5 Rb8 9. Nd5 0-0 10. Qd2 Nxd5 11. exd5 Ne5 12. Rae1 Bh3 13. f4 Bxg2 14. Kxg2 Ng4 15. h3 Nf6 16. Nc3 Qd7 17. f5 gxf5 18. Bh6 Ne8 19. Qg5 e6 20. g4 Kh8 21. gxf5 exf5 22. Rxe8 Bxh6 23. Qxh6 Rfxe8 24. Qf6+ Kg8 25. Rxf5 Qd8 26. Rg5+ Kf8 27. Qh6+ Ke7 28. Ne4 Rg8 29. Qf6+ Kf8 30. Qh6+ Ke7 31. Qf6+ Kf8 32. Rxg8+ Kxg8 33. Qh6 f5 34. Qe6+ Kg7 35. Nxd6 Qg5+ 36. Kf3 Qh5+ 37. Kf2 Qh4+ 38. Kg2 Qg5+ 39. Kf3 Qh5+ 40. Kf2 Qh4+ 41. Ke2 Qh5+ 42. Kf2 1/2-1/2

[Event "Budapest FS04 GM"]
[Site "Budapest"]
[Date "2022.04.11"]
[Round "8"]
[White "Sturt, Raven M"]
[Black "Rathanvel, VS."]
[Result "1/2-1/2"]
[WhiteElo "2409"]
[BlackElo "2485"]
[PlyCount "115"]
[EventDate "2022.04.02"]
[EventType "tourn"]
[EventRounds "9"]
[EventCountry "HUN"]
[EventCategory "7"]
[SourceTitle "CBM 207 Extra"]
[Source "ChessBase"]
[SourceDate "2022.05.31"]
[SourceVersion "1"]
[SourceVersionDate "2022.05.31"]
[SourceQuality "1"]

1. d4 Nf6 2. c4 e6 3. Nf3 d5 4. Nc3 Bb4 5. cxd5 exd5 6. Bg5 h6 7. Bh4 0-0 8. e3 Bf5 9. Be2 Nbd7 10. Qb3 Qe7 11. 0-0 c6 12. a3 Bxc3 13. bxc3 b5 14. a4 a6 15. Nd2 Nb6 16. axb5 axb5 17. Rfe1 Qe6 18. Bg3 Nc4 19. Nxc4 dxc4 20. Qb2 Bd3 21. Bxd3 cxd3 22. Qd2 Rxa1 23. Rxa1 Qc4 24. Rd1 Ra8 25. f3 Nd5 26. Qxd3 Ra1 27. Qxc4 Rxd1+ 28. Qf1 Nxe3 29. Qe1 Rxe1+ 30. Bxe1 Kf8 31. Kf2 Nc4 32. g4 Ke7 33. Ke2 Ke6 34. Kd3 g6 35. h4 h5 36. Ke4 f5+ 37. gxf5+ gxf5+ 38. Kf4 Kf6 39. Bg3 Nb6 40. Ke3 f4+ 41. Kxf4 Nd5+ 42. Ke4 Nxc3+ 43. Kd3 Nd5 44. Ke4 Ke6 45. Be1 Ne7 46. Bb4 Nf5 47. Be1 Kf6 48. d5 Nd6+ 49. Kd4 cxd5 50. Kxd5 Nc4 51. Kc5 Kf5 52. Kxb5 Ne5 53. Ba5 Nxf3 54. Bd8 Kg4 55. Kc4 Nxh4 56. Kd3 Nf3 57. Ke2 h4 58. Bxh4 1/2-1/2

[Event "Budapest FS04 GM"]
[Site "Budapest"]
[Date "2022.04.08"]
[Round "6"]
[White "Balint, Vilmos"]
[Black "Rathanvel, VS."]
[Result "1-0"]
[WhiteElo "2252"]
[BlackElo "2485"]
[PlyCount "77"]
[EventDate "2022.04.02"]
[EventType "tourn"]
[EventRounds "9"]
[EventCountry "HUN"]
[EventCategory "7"]
[SourceTitle "CBM 207 Extra"]
[Source "ChessBase"]
[SourceDate "2022.05.31"]
[SourceVersion "1"]
[SourceVersionDate "2022.05.31"]
[SourceQuality "1"]

1. e4 c5 2. Nf3 d6 3. Bb5+ Nd7 4. 0-0 a6 5. Bd3 Ngf6 6. c4 g6 7. Nc3 Bg7 8. b3 Ng4 9. Be2 Nge5 10. Ne1 Nc6 11. f4 Nd4 12. Nc2 b5 13. Bb2 Bb7 14. Bd3 bxc4 15. bxc4 Rb8 16. Rb1 Bc6 17. Kh1 0-0 18. Nxd4 cxd4 19. Nd5 e6 20. Ba3 exd5 21. exd5 Ba8 22. Bxd6 Rxb1 23. Qxb1 Re8 24. Ba3 Qa5 25. Qb4 Qxb4 26. Bxb4 Bf8 27. d6 Rb8 28. Ba3 Bc6 29. c5 Bh6 30. Kg1 Kf8 31. g3 a5 32. h4 Nf6 33. Rc1 Bg7 34. Bf1 Nd5 35. Bg2 Nb4 36. Bxb4 Bxg2 37. Kxg2 axb4 38. c6 Ke8 39. d7+ 1-0

[Event "Budapest FS04 GM"]
[Site "Budapest"]
[Date "2022.04.02"]
[Round "1"]
[White "Vantika, Agrawal"]
[Black "Rathanvel, VS."]
[Result "1/2-1/2"]
[WhiteElo "2364"]
[BlackElo "2485"]
[PlyCount "64"]
[EventDate "2022.04.02"]
[EventType "tourn"]
[EventRounds "9"]
[EventCountry "HUN"]
[EventCategory "7"]
[SourceTitle "CBM 207 Extra"]
[Source "ChessBase"]
[SourceDate "2022.05.31"]
[SourceVersion "1"]
[SourceVersionDate "2022.05.31"]
[SourceQuality "1"]

1. d4 Nf6 2. c4 e6 3. Nf3 d5 4. Nc3 c5 5. cxd5 Nxd5 6. e4 Nxc3 7. bxc3 cxd4 8. cxd4 Bb4+ 9. Bd2 Bxd2+ 10. Qxd2 0-0 11. Bc4 Nd7 12. 0-0 b6 13. a4 Bb7 14. Rfe1 Nf6 15. Bd3 h6 16. h3 Qc7 17. Rac1 Qe7 18. a5 Rac8 19. Rb1 bxa5 20. Qxa5 Ba8 21. Ra1 Rc7 22. Qa3 Rfc8 23. Qxe7 Rxe7 24. Ra4 Rc3 25. Ne5 Rec7 26. f3 Nd7 27. Bf1 Nxe5 28. dxe5 R3c5 29. Rea1 Rxe5 30. Rxa7 Rxa7 31. Rxa7 Bc6 32. Rc7 Be8 1/2-1/2

[Event "Budapest Vezerkepzo GM 03"]
[Site "Budapest"]
[Date "2022.03.23"]
[Round "6"]
[White "Ilincic, Zlatko"]
[Black "Rathanvel, VS."]
[Result "1/2-1/2"]
[WhiteElo "2293"]
[BlackElo "2477"]
[PlyCount "50"]
[EventDate "2022.03.17"]
[EventType "tourn"]
[EventRounds "9"]
[EventCountry "HUN"]
[EventCategory "6"]
[SourceTitle "CBM 207 Extra"]
[Source "ChessBase"]
[SourceDate "2022.05.31"]
[SourceVersion "1"]
[SourceVersionDate "2022.05.31"]
[SourceQuality "1"]

1. d4 d5 2. c4 e6 3. g3 Nf6 4. Bg2 c6 5. Qc2 Be7 6. Nd2 dxc4 7. Qxc4 b5 8. Qd3 0-0 9. Ngf3 Bb7 10. Ne5 Qb6 11. 0-0 Nbd7 12. Nxd7 Nxd7 13. Nb3 c5 14. Bxb7 Qxb7 15. dxc5 Nxc5 16. Nxc5 Bxc5 17. Be3 Rfd8 18. Qb3 Bxe3 19. Qxe3 Rd5 20. Rfd1 Rad8 21. Rxd5 Rxd5 22. Rc1 h6 23. b4 Qd7 24. a3 Rd2 25. h4 Rd1+ 1/2-1/2